000 00586nam a22002057a 4500
005 20221217094105.0
008 221109b ||||| |||| 00| 0 eng d
040 _cAL
041 _aeng
082 _223
_a328.542
_bLOKL
100 _aLok Sabha Secretariat
_966588
245 _aLok sabha debates:
_bEleventh session Part I Vol 36
260 _aNew Delhi
_bLok Sabha Secretariat
_c1983
300 _bHB
_c23x16cm.
365 _2Political Science
440 _a
_961548
_nVol 36
650 _aDebates Parliament
_961549
700 _aLOK SABHA SECRETARIAT
_961550
942 _2ddc
_cGF
999 _c225892
_d225892